| 000 | 00558nam a2200193Ia 4500 | ||
|---|---|---|---|
| 001 | 29280 | ||
| 003 | IN-NITTTR | ||
| 005 | 20251114233400.0 | ||
| 008 | 251113s9999||||xx |||||||||||||| ||eng|| | ||
| 040 | _beng | ||
| 040 | _cIN-NITTTR | ||
| 041 | _aeng | ||
| 082 | _a621.382 F11V | ||
| 100 | _aFathi, Hanane | ||
| 245 | 0 |
_aVoice over IP in wireless hetrogeneous networks : _b signalling, mobility and security / _cFathi, Hanane, Chakraborty, Shyam S., Prasad, Ramjee |
|
| 700 | _a Chakraborty, Shyam S. | ||
| 700 | _a Prasad, Ramjee | ||
| 942 |
_2ddc _cBK |
||
| 999 |
_c31908 _d31908 |
||